000 00577cam a2200217 4500
001 WB3631-37
008 000000n2000 000 0 eng u
035 _a(Sirsi) u107731
245 _aEBay UK
260 _c2000
490 _aGuardian
_vOnline 10 August 2000, 7(1)
520 _aLooks at the growth in internet auctions sites particularly EBay UK and QXL.
590 _aWB
650 _aINTERNET AUCTIONS
650 _aINTERNET
650 _aEBAYUK
650 _aQXL
650 _aAuctioneering
_96218
690 _aINFORMATION TECHNOLOGY-INTERNET
942 _n0
999 _c64354
_d64354